| 000 | 01481nam a22002297a 4500 | ||
|---|---|---|---|
| 005 | 20250328111438.0 | ||
| 008 | 250328b |||||||| |||| 00| 0 eng d | ||
| 020 | _a9788198333391 | ||
| 040 | _cAL | ||
| 041 | _aeng | ||
| 082 |
_223 _a346.048 IYEC |
||
| 100 |
_aIyengar _9207181 |
||
| 100 |
_9207179 _dManish Arora |
||
| 245 | _aCommentary on the Trade Marks Act Ed 6 | ||
| 250 | _a6 | ||
| 260 |
_aHaryana _bLexis Nexis _c2025 |
||
| 300 |
_acix,958p. _bHB _c25x16cm. |
||
| 365 |
_2Law _a1791 _b1602.35 _c₹ _d2195.00 _e27% _f14-03-2025 |
||
| 520 | _aIyengar Commentary on The Trade Marks Act is an authoritative treatise on the subject. The book is aimed at easy comprehension and interpretation of the law. An earnest attempt has been made to bring out this commentary, based on extensive research and deep study of the subject. The book approaches trade marks law from a fully integrated legal and business perspective. It is useful for legal practitioners, trade mark professionals and judges as well as for traders and administrative authorities connected with this Law. Key Features: Includes landmark and recent case law on the subject, from both India and abroad Presents the subject in clear, concise and easy-to-understand language Incorporates recent statutory changes and legislative developments Contains related Schedules, Rules, Notifications, Treaties, and Conventions to further enhance the value of the book | ||
| 650 |
_aLaw _9207180 |
||
| 942 |
_2ddc _cBK |
||
| 999 |
_c234056 _d234056 |
||